000 00407nam a22001697a 4500
999 _c3091
_d3090
005 20210810164201.0
008 160618b xxu||||| |||| 00| 0 eng d
020 _a81-203-1746-7
041 _aeng
082 _b658.3
100 _aMishra,R.C. and Pathak. K
_96529
245 _aMaintenance Engineering and Management
260 _bPHI
_c2003
300 _a210
650 _aManagement
_9241
942 _cBK